1961 College Football AP Poll - Statistics

General Stats
  • This quiz has been taken 22 times
  • The average score is 111 of 131
Answer Stats
Week Rank Team W L T Conference % Correct
Week 2 (10/2) 9 Michigan 1 0 Big Ten
100%
Week 3 (10/9) 6 Michigan 2 0 Big Ten
100%
Week 3 (10/9) 8 Notre Dame 2 0 Independent
100%
Week 4 (10/16) 6 Notre Dame 3 0 Independent
100%
Week 5 (10/23) 8 Notre Dame 3 1 Independent
100%
Preseason 2 Ohio State 0 0 Big Ten
100%
Week 1 (9/25) 3 Ohio State 0 0 Big Ten
100%
Week 2 (10/2) 8 Ohio State 0 0 1 Big Ten
100%
Week 3 (10/9) 7 Ohio State 1 0 1 Big Ten
100%
Week 4 (10/16) 7 Ohio State 2 0 1 Big Ten
100%
Week 5 (10/23) 6 Ohio State 3 0 1 Big Ten
100%
Week 6 (10/30) 5 Ohio State 4 0 1 Big Ten
100%
Week 7 (11/6) 3 Ohio State 5 0 1 Big Ten
100%
Week 8 (11/13) 3 Ohio State 6 0 1 Big Ten
100%
Week 9 (11/20) 2 Ohio State 7 0 1 Big Ten
100%
Week 10 (11/27) 2 Ohio State 8 0 1 Big Ten
100%
Week 11 (12/5) 2 Ohio State 8 0 1 Big Ten
100%
Preseason 4 Texas 0 0 Southwest
100%
Week 1 (9/25) 6 Texas 1 0 Southwest
100%
Week 2 (10/2) 5 Texas 2 0 Southwest
100%
Week 3 (10/9) 4 Texas 3 0 Southwest
100%
Week 4 (10/16) 3 Texas 4 0 Southwest
100%
Week 5 (10/23) 3 Texas 5 0 Southwest
100%
Week 6 (10/30) 3 Texas 6 0 Southwest
100%
Week 7 (11/6) 1 Texas 7 0 Southwest
100%
Week 8 (11/13) 1 Texas 8 0 Southwest
100%
Week 9 (11/20) 5 Texas 8 1 Southwest
100%
Week 10 (11/27) 4 Texas 9 1 Southwest
100%
Week 11 (12/5) 3 Texas 9 1 Southwest
100%
Preseason 3 Alabama 0 0 SEC
94%
Week 1 (9/25) 4 Alabama 1 0 SEC
94%
Week 2 (10/2) 4 Alabama 2 0 SEC
94%
Week 3 (10/9) 3 Alabama 3 0 SEC
94%
Week 4 (10/16) 5 Alabama 4 0 SEC
94%
Week 5 (10/23) 4 Alabama 5 0 SEC
94%
Week 6 (10/30) 4 Alabama 6 0 SEC
94%
Week 7 (11/6) 2 Alabama 7 0 SEC
94%
Week 8 (11/13) 2 Alabama 8 0 SEC
94%
Week 9 (11/20) 1 Alabama 9 0 SEC
94%
Week 10 (11/27) 1 Alabama 9 0 SEC
94%
Week 11 (12/5) 1 Alabama 10 0 SEC
94%
Preseason 1 Iowa 0 0 Big Ten
94%
Week 1 (9/25) 1 Iowa 0 0 Big Ten
94%
Week 2 (10/2) 1 Iowa 1 0 Big Ten
94%
Week 3 (10/9) 2 Iowa 2 0 Big Ten
94%
Week 4 (10/16) 4 Iowa 3 0 Big Ten
94%
Week 5 (10/23) 5 Iowa 4 0 Big Ten
94%
Week 6 (10/30) 9 Iowa 4 1 Big Ten
94%
Preseason 6 Michigan State 0 0 Big Ten
94%
Week 1 (9/25) 10 Michigan State 0 0 Big Ten
94%
Week 2 (10/2) 6 Michigan State 1 0 Big Ten
94%
Week 3 (10/9) 5 Michigan State 2 0 Big Ten
94%
Week 4 (10/16) 1 Michigan State 3 0 Big Ten
94%
Week 5 (10/23) 1 Michigan State 4 0 Big Ten
94%
Week 6 (10/30) 1 Michigan State 5 0 Big Ten
94%
Week 7 (11/6) 6 Michigan State 5 1 Big Ten
94%
Week 8 (11/13) 9 Michigan State 5 2 Big Ten
94%
Week 9 (11/20) 8 Michigan State 6 2 Big Ten
94%
Week 10 (11/27) 8 Michigan State 7 2 Big Ten
94%
Week 11 (12/5) 8 Michigan State 7 2 Big Ten
94%
Preseason 8 Kansas 0 0 Big Eight
82%
Week 9 (11/20) 10 Kansas 6 2 1 Big Eight
82%
Preseason 5 LSU 0 0 SEC
82%
Week 4 (10/16) 10 LSU 3 1 SEC
82%
Week 5 (10/23) 7 LSU 4 1 SEC
82%
Week 6 (10/30) 6 LSU 5 1 SEC
82%
Week 7 (11/6) 4 LSU 6 1 SEC
82%
Week 8 (11/13) 4 LSU 7 1 SEC
82%
Week 9 (11/20) 4 LSU 8 1 SEC
82%
Week 10 (11/27) 3 LSU 9 1 SEC
82%
Week 11 (12/5) 4 LSU 9 1 SEC
82%
Week 7 (11/6) 5 Minnesota 5 1 Big Ten
82%
Week 8 (11/13) 5 Minnesota 6 1 Big Ten
82%
Week 9 (11/20) 3 Minnesota 7 1 Big Ten
82%
Week 10 (11/27) 7 Minnesota 7 2 Big Ten
82%
Week 11 (12/5) 6 Minnesota 7 2 Big Ten
82%
Preseason 9 Ole Miss 0 0 SEC
82%
Week 1 (9/25) 2 Ole Miss 1 0 SEC
82%
Week 2 (10/2) 2 Ole Miss 2 0 SEC
82%
Week 3 (10/9) 1 Ole Miss 3 0 SEC
82%
Week 4 (10/16) 2 Ole Miss 4 0 SEC
82%
Week 5 (10/23) 2 Ole Miss 5 0 SEC
82%
Week 6 (10/30) 2 Ole Miss 6 0 SEC
82%
Week 7 (11/6) 7 Ole Miss 6 1 SEC
82%
Week 8 (11/13) 6 Ole Miss 7 1 SEC
82%
Week 9 (11/20) 6 Ole Miss 8 1 SEC
82%
Week 10 (11/27) 5 Ole Miss 8 1 SEC
82%
Week 11 (12/5) 5 Ole Miss 9 1 SEC
82%
Preseason 7 Penn State 0 0 Independent
82%
Week 1 (9/25) 8 Penn State 1 0 Independent
82%
Week 11 (12/5) 17 Penn State 6 3 Independent
82%
Week 4 (10/16) 10 Arkansas 3 1 Southwest
76%
Week 9 (11/20) 9 Arkansas 7 2 Southwest
76%
Week 10 (11/27) 9 Arkansas 8 2 Southwest
76%
Week 11 (12/5) 9 Arkansas 8 2 Southwest
76%
Week 11 (12/5) 20 Duke 7 3 ACC
76%
Week 8 (11/13) 7 Purdue 5 2 Big Ten
76%
Week 11 (12/5) 12 Purdue 6 3 Big Ten
76%
Preseason 10 Syracuse 0 0 Independent
76%
Week 1 (9/25) 5 Syracuse 1 0 Independent
76%
Week 2 (10/2) 7 Syracuse 2 0 Independent
76%
Week 8 (11/13) 10 Syracuse 6 2 Independent
76%
Week 11 (12/5) 14 Syracuse 7 3 Independent
76%
Week 1 (9/25) 9 UCLA 1 0 Western Universities
76%
Week 11 (12/5) 16 UCLA 7 3 Western Universities
76%
Week 4 (10/16) 9 Colorado 3 0 Big Eight
71%
Week 5 (10/23) 10 Colorado 4 0 Big Eight
71%
Week 6 (10/30) 8 Colorado 5 0 Big Eight
71%
Week 7 (11/6) 8 Colorado 6 0 Big Eight
71%
Week 8 (11/13) 8 Colorado 6 1 Big Eight
71%
Week 9 (11/20) 7 Colorado 7 1 Big Eight
71%
Week 10 (11/27) 6 Colorado 8 1 Big Eight
71%
Week 11 (12/5) 7 Colorado 9 1 Big Eight
71%
Week 2 (10/2) 3 Georgia Tech 2 0 SEC
71%
Week 4 (10/16) 8 Georgia Tech 3 1 SEC
71%
Week 5 (10/23) 9 Georgia Tech 4 1 SEC
71%
Week 6 (10/30) 7 Georgia Tech 5 1 SEC
71%
Week 7 (11/6) 9 Georgia Tech 6 1 SEC
71%
Week 11 (12/5) 13 Georgia Tech 7 3 SEC
71%
Week 6 (10/30) 10 Missouri 5 0 1 Big Eight
71%
Week 7 (11/6) 10 Missouri 5 1 1 Big Eight
71%
Week 10 (11/27) 10 Missouri 7 2 1 Big Eight
71%
Week 11 (12/5) 11 Missouri 7 2 1 Big Eight
71%
Week 11 (12/5) 17 Arizona 8 1 1 Independent
65%
Week 2 (10/2) 10 Baylor 1 0 Southwest
65%
Week 3 (10/9) 9 Baylor 2 0 Southwest
65%
Week 1 (9/25) 7 Rice 0 0 Southwest
47%
Week 11 (12/5) 17 Rice 7 3 Southwest
47%
Week 3 (10/9) 10 Maryland 3 0 ACC
41%
Week 11 (12/5) 15 Rutgers 9 0 Middle Atlantic
24%
Week 11 (12/5) 10 Utah State 9 0 1 Skyline Conference
24%
No matching quizzes found
Score Distribution
Percent of People with Each Score
Percentile by Number Answered
Your Score History
You have not taken this quiz